000 07684nam a22007217a 4500
005 20090513111141.0
008 090508t xxu||||| |||| 00| 0 eng d
010 _aENG-93497
020 _a0070264163
_c495.00
020 _a9780070264168
_c495.00
035 _aEN-77030
035 _aB-360096-131
037 _bDBAD / PUB
037 _bUBH
040 _adpl
_bEnglish
082 _a574
100 _aVinay Kumar
245 _aComplete biology for medical entrance examinations /
_cby Vinay Kumar
260 _aNew Delhi
_bTata McGraw-Hill Publishing
_c2009
270 _a7 West Patel Nagar,
_bNew Delhi
_e110008
300 _ax, 1251p.:
_c24cm (pbk)
_bill.
490 _aTata McGraw-Hill's winning we edge series
650 _aBiology
_xExamination, question, etc.
942 _2ddc
_cEN
_mVIN
_h574
999 _c26287
_d26287